000 00616nam a2200205Ia 4500
001 10265
003 GE_BSU
008 181216s||||||||xx |||||||||||||| ||und||
040 _cGE_BSU
080 _a82-93
100 _aსაჩინოელი,ალექსანდრე
245 _aგამოცანები
245 _cრედ.ლ.სტვილია;მხატვ.ჯ.ყავლაშვილი
260 _aთბილისი
260 _bნაკადული
260 _c1972
300 _a84გვ.16სმ.
653 _aგამოცანები
942 _cBK
999 _c43534
_d43534